000 00311nam a2200121Ia 4500
008 190216s9999||||xx |||||||||||||| ||und||
100 _aShimon Mordynski
 Lowell Mauer
245 0 _aHow To Use Visual Basic 6
260 _bTech Media Pub
_c2003
300 _a296 p
650 _aComputer Science
942 _cBK
999 _c8796
_d8796